<?xml version="1.0" encoding="UTF-8"?>
<record
    xmlns:xsi="http://www.w3.org/2001/XMLSchema-instance"
    xsi:schemaLocation="http://www.loc.gov/MARC21/slim http://www.loc.gov/standards/marcxml/schema/MARC21slim.xsd"
    xmlns="http://www.loc.gov/MARC21/slim">

  <leader>01288pam a2200385 i 4500</leader>
  <datafield tag="999" ind1=" " ind2=" ">
    <subfield code="c">171108</subfield>
    <subfield code="d">171108</subfield>
  </datafield>
  <controlfield tag="001">vtls000842118</controlfield>
  <controlfield tag="003">PNM</controlfield>
  <controlfield tag="005">20190303113158.0</controlfield>
  <controlfield tag="008">171127s2017    my     d      000 f may  </controlfield>
  <datafield tag="015" ind1=" " ind2=" ">
    <subfield code="a">M17-13715</subfield>
  </datafield>
  <datafield tag="020" ind1=" " ind2=" ">
    <subfield code="a">9789672125594</subfield>
    <subfield code="q">paperback</subfield>
    <subfield code="c">RM25.90</subfield>
  </datafield>
  <datafield tag="039" ind1=" " ind2="9">
    <subfield code="a">201811281144</subfield>
    <subfield code="b">irfah</subfield>
    <subfield code="c">201811130857</subfield>
    <subfield code="d">hazwani</subfield>
    <subfield code="c">201802131051</subfield>
    <subfield code="d">anis_o</subfield>
    <subfield code="c">201801041326</subfield>
    <subfield code="d">raihan</subfield>
  </datafield>
  <datafield tag="040" ind1=" " ind2=" ">
    <subfield code="a">BNM</subfield>
    <subfield code="b">eng</subfield>
    <subfield code="c">BNM</subfield>
    <subfield code="d">PNM</subfield>
    <subfield code="d">PPAK</subfield>
    <subfield code="e">rda</subfield>
  </datafield>
  <datafield tag="049" ind1=" " ind2=" ">
    <subfield code="a">klpmal</subfield>
  </datafield>
  <datafield tag="082" ind1="0" ind2="4">
    <subfield code="a">899.2333</subfield>
    <subfield code="2">23</subfield>
  </datafield>
  <datafield tag="090" ind1="0" ind2="0">
    <subfield code="a">899.2333</subfield>
    <subfield code="b">AMI</subfield>
    <subfield code="d">G</subfield>
  </datafield>
  <datafield tag="100" ind1="0" ind2=" ">
    <subfield code="a">Aminah Mokhtar,</subfield>
    <subfield code="d">1959-</subfield>
    <subfield code="e">author.</subfield>
  </datafield>
  <datafield tag="245" ind1="1" ind2="0">
    <subfield code="a">GENETIK KAMILAH /</subfield>
    <subfield code="c">AMINAH MOKHTAR</subfield>
  </datafield>
  <datafield tag="264" ind1=" " ind2="1">
    <subfield code="a">Bandar Baru Bangi, Selangor :</subfield>
    <subfield code="b">UTUSAN KARYA SDN. BHD.,</subfield>
    <subfield code="c">2017</subfield>
  </datafield>
  <datafield tag="300" ind1=" " ind2=" ">
    <subfield code="a">214 pages ;</subfield>
    <subfield code="c">18 cm</subfield>
  </datafield>
  <datafield tag="336" ind1=" " ind2=" ">
    <subfield code="a">text</subfield>
    <subfield code="2">rdacontent</subfield>
  </datafield>
  <datafield tag="337" ind1=" " ind2=" ">
    <subfield code="a">unmediated</subfield>
    <subfield code="2">rdamedia</subfield>
  </datafield>
  <datafield tag="338" ind1=" " ind2=" ">
    <subfield code="a">volume</subfield>
    <subfield code="2">rdacarrier</subfield>
  </datafield>
  <datafield tag="586" ind1=" " ind2=" ">
    <subfield code="a">Hadiah Sastera Kumpulan Utusan, Kategori Novel Remaja, 2016 - Consolation prize</subfield>
  </datafield>
  <datafield tag="650" ind1="1" ind2="0">
    <subfield code="a">Young adult fiction, Malay</subfield>
  </datafield>
  <datafield tag="650" ind1="2" ind2="0">
    <subfield code="a">Young adult fiction, Malaysian</subfield>
  </datafield>
  <datafield tag="942" ind1=" " ind2=" ">
    <subfield code="2">ddc</subfield>
    <subfield code="c">B</subfield>
  </datafield>
  <datafield tag="949" ind1=" " ind2=" ">
    <subfield code="6">1001304389</subfield>
    <subfield code="e">2540861</subfield>
  </datafield>
  <datafield tag="949" ind1=" " ind2=" ">
    <subfield code="6">1001304390</subfield>
    <subfield code="e">2540862</subfield>
  </datafield>
  <datafield tag="949" ind1=" " ind2=" ">
    <subfield code="6">1001304391</subfield>
    <subfield code="e">2540863</subfield>
  </datafield>
  <datafield tag="949" ind1=" " ind2=" ">
    <subfield code="6">1001304392</subfield>
    <subfield code="e">2540864</subfield>
  </datafield>
  <datafield tag="949" ind1=" " ind2=" ">
    <subfield code="6">2000615515</subfield>
    <subfield code="a">899.2333 AMI M</subfield>
  </datafield>
  <datafield tag="949" ind1=" " ind2=" ">
    <subfield code="6">2000615513</subfield>
    <subfield code="a">899.2333 AMI M</subfield>
  </datafield>
  <datafield tag="949" ind1=" " ind2=" ">
    <subfield code="6">2000615514</subfield>
    <subfield code="a">899.2333 AMI M</subfield>
  </datafield>
  <datafield tag="952" ind1=" " ind2=" ">
    <subfield code="0">0</subfield>
    <subfield code="7">0</subfield>
    <subfield code="b">PG</subfield>
    <subfield code="c">G</subfield>
    <subfield code="d">2019-02-17</subfield>
    <subfield code="o">899.2333 AMI</subfield>
    <subfield code="p">A01592680</subfield>
    <subfield code="r">2019-02-17 00:00:00</subfield>
    <subfield code="y">B</subfield>
  </datafield>
  <datafield tag="952" ind1=" " ind2=" ">
    <subfield code="0">0</subfield>
    <subfield code="7">0</subfield>
    <subfield code="b">PPAK</subfield>
    <subfield code="c">G</subfield>
    <subfield code="d">2019-03-04</subfield>
    <subfield code="o">899.2333 AMI</subfield>
    <subfield code="p">A01594481</subfield>
    <subfield code="r">2019-03-04 00:00:00</subfield>
    <subfield code="y">B</subfield>
  </datafield>
  <datafield tag="952" ind1=" " ind2=" ">
    <subfield code="0">0</subfield>
    <subfield code="7">0</subfield>
    <subfield code="b">PPAK</subfield>
    <subfield code="c">G</subfield>
    <subfield code="d">2019-03-04</subfield>
    <subfield code="l">1</subfield>
    <subfield code="o">899.2333 AMI</subfield>
    <subfield code="p">A01594482</subfield>
    <subfield code="r">2019-07-22 00:00:00</subfield>
    <subfield code="s">2019-06-30</subfield>
    <subfield code="y">B</subfield>
  </datafield>
  <datafield tag="952" ind1=" " ind2=" ">
    <subfield code="0">0</subfield>
    <subfield code="7">0</subfield>
    <subfield code="b">SP</subfield>
    <subfield code="c">G</subfield>
    <subfield code="d">2019-03-04</subfield>
    <subfield code="o">899.2333 AMI</subfield>
    <subfield code="p">A01594483</subfield>
    <subfield code="r">2019-03-04 00:00:00</subfield>
    <subfield code="y">B</subfield>
  </datafield>
  <datafield tag="952" ind1=" " ind2=" ">
    <subfield code="0">0</subfield>
    <subfield code="7">0</subfield>
    <subfield code="b">JT</subfield>
    <subfield code="c">G</subfield>
    <subfield code="d">2019-03-04</subfield>
    <subfield code="o">899.2333 AMI</subfield>
    <subfield code="p">A01594484</subfield>
    <subfield code="r">2019-03-04 00:00:00</subfield>
    <subfield code="y">B</subfield>
  </datafield>
  <datafield tag="952" ind1=" " ind2=" ">
    <subfield code="0">0</subfield>
    <subfield code="7">0</subfield>
    <subfield code="b">LW</subfield>
    <subfield code="c">G</subfield>
    <subfield code="d">2019-03-04</subfield>
    <subfield code="l">1</subfield>
    <subfield code="o">899.2333 AMI</subfield>
    <subfield code="p">A01594485</subfield>
    <subfield code="r">2023-04-05 00:00:00</subfield>
    <subfield code="s">2023-02-12</subfield>
    <subfield code="y">B</subfield>
  </datafield>
  <datafield tag="952" ind1=" " ind2=" ">
    <subfield code="0">0</subfield>
    <subfield code="7">0</subfield>
    <subfield code="b">KM</subfield>
    <subfield code="c">G</subfield>
    <subfield code="d">2019-03-04</subfield>
    <subfield code="l">1</subfield>
    <subfield code="o">899.2333 AMI</subfield>
    <subfield code="p">A01594486</subfield>
    <subfield code="r">2023-10-16 16:42:05</subfield>
    <subfield code="s">2023-10-01</subfield>
    <subfield code="y">B</subfield>
  </datafield>
  <datafield tag="952" ind1=" " ind2=" ">
    <subfield code="0">0</subfield>
    <subfield code="7">0</subfield>
    <subfield code="b">BL</subfield>
    <subfield code="c">G</subfield>
    <subfield code="d">2019-03-04</subfield>
    <subfield code="o">899.2333 AMI</subfield>
    <subfield code="p">A01594487</subfield>
    <subfield code="r">2019-03-04 00:00:00</subfield>
    <subfield code="y">B</subfield>
  </datafield>
  <datafield tag="952" ind1=" " ind2=" ">
    <subfield code="0">0</subfield>
    <subfield code="7">0</subfield>
    <subfield code="b">BB</subfield>
    <subfield code="c">G</subfield>
    <subfield code="d">2019-03-04</subfield>
    <subfield code="o">899.2333 AMI</subfield>
    <subfield code="p">A01594488</subfield>
    <subfield code="r">2019-03-04 00:00:00</subfield>
    <subfield code="y">B</subfield>
  </datafield>
  <datafield tag="952" ind1=" " ind2=" ">
    <subfield code="0">0</subfield>
    <subfield code="7">0</subfield>
    <subfield code="b">MR</subfield>
    <subfield code="c">G</subfield>
    <subfield code="d">2019-03-04</subfield>
    <subfield code="o">899.2333 AMI</subfield>
    <subfield code="p">A01594489</subfield>
    <subfield code="r">2019-03-04 00:00:00</subfield>
    <subfield code="y">B</subfield>
  </datafield>
  <datafield tag="952" ind1=" " ind2=" ">
    <subfield code="0">0</subfield>
    <subfield code="7">0</subfield>
    <subfield code="b">YN</subfield>
    <subfield code="c">G</subfield>
    <subfield code="d">2019-03-04</subfield>
    <subfield code="o">899.2333 AMI</subfield>
    <subfield code="p">A01594490</subfield>
    <subfield code="r">2019-03-04 00:00:00</subfield>
    <subfield code="y">B</subfield>
  </datafield>
  <datafield tag="952" ind1=" " ind2=" ">
    <subfield code="0">0</subfield>
    <subfield code="7">0</subfield>
    <subfield code="b">SK</subfield>
    <subfield code="c">G</subfield>
    <subfield code="d">2019-03-04</subfield>
    <subfield code="o">899.2333 AMI</subfield>
    <subfield code="p">A01594491</subfield>
    <subfield code="r">2019-03-04 00:00:00</subfield>
    <subfield code="y">B</subfield>
  </datafield>
  <datafield tag="952" ind1=" " ind2=" ">
    <subfield code="0">0</subfield>
    <subfield code="7">0</subfield>
    <subfield code="b">KN</subfield>
    <subfield code="c">G</subfield>
    <subfield code="d">2019-03-04</subfield>
    <subfield code="o">899.2333 AMI</subfield>
    <subfield code="p">A01594492</subfield>
    <subfield code="r">2019-03-04 00:00:00</subfield>
    <subfield code="y">B</subfield>
  </datafield>
</record>
